| 000 | nam a22 7a 4500 | ||
|---|---|---|---|
| 999 |
_c25923 _d25923 |
||
| 008 | 170201b xxu||||| |||| 00| 0 eng d | ||
| 050 | _aND237 .T35P53 1980 | ||
| 100 | _aPierce Patricia Jobe | ||
| 245 |
_aEdmund C. Tarbell and the Boston school of painting, 1889-1980 / _cPatricia Jobe Pierce; John Douglas Ingraham |
||
| 260 |
_aHingham, Mass. : _bPierce Galleries, _c©1980. |
||
| 300 |
_axiii,253. : _bill. ; _c29cm. |
||
| 500 | _aincludes index. | ||
| 700 | _aedited by Ingraham,John Douglas | ||
| 942 |
_2ddc _cBOOKS _hND237 .T35P53 1980 |
||